Famous Germans - Statistics

General Stats
  • This quiz has been taken 889 times
  • The average score is 12 of 23
Answer Stats
Hint Answer % Correct
E = mc2 Albert Einstein
97%
The current Chancellor Angela Merkel
91%
The deaf composer Ludwig van Beethoven
91%
He published "The Communist Manifesto" Karl Marx
86%
They wrote fairy tales The Brothers Grimm
77%
He wrote "Faust" Johann Wolfgang von Goethe
74%
The Pope Pope Benedict XVI
73%
He composed "Ride of the Valkyries" Richard Wagner
68%
Toccata and Fugue in D minor Johann Sebastian Bach
63%
He's a six-time Grand Slam singles champion Boris Becker
59%
Physicist who invented the X-Ray machine Wilhelm Röntgen
57%
The Iron Chancellor Otto von Bismarck
55%
The Chancellor was an advocate of Ostpolitik Willy Brandt
43%
Project Runway Heidi Klum
42%
He led the DDR Erich Honecker
38%
"Du hast mich" Rammstein
37%
The Blue Angel Marlene Dietrich
31%
A Champion's League finalist with Chelsea Michael Ballack
24%
He wrote "The Caucasian Chalk Circle" Bertolt Brecht
19%
He created the sweeper role Franz Beckenbauer
14%
"The voice of the majority is no proof of justice" Friedrich Schiller
11%
He won an Oscar directing "The Lives of Others" Florian Henckel von Donnersmarck
10%
The inventor of the first hybrid engine Ferdinand Porsche
7%
No matching quizzes found
Score Distribution
Percent of People with Each Score
Percentile by Number Answered
Your Score History
You have not taken this quiz